|
|
|
|
| LEADER |
01226nam a2200313 a 4500 |
| 001 |
882 |
| 003 |
BD-DhAAL |
| 005 |
20150518121040.0 |
| 008 |
150518r19931992nyua b 000 0ceng |
| 010 |
|
|
|a 92042453
|
| 020 |
|
|
|a 0470220864
|
| 040 |
|
|
|a DLC
|c DLC
|d DLC
|d BD-DhAA
|
| 050 |
0 |
0 |
|a HA22
|b .G55 1993
|
| 082 |
0 |
0 |
|a 354.540081/9/09
|2 20
|
| 245 |
0 |
0 |
|a Glimpses of India's statistical heritage /
|c editors, J.K. Ghosh, S.K. Mitra, K.R. Parthasarathy.
|
| 260 |
|
|
|a New York :
|b Wiley,
|c 1993.
|
| 300 |
|
|
|a ix, 293 p. :
|b ill. ;
|c 25 cm.
|
| 500 |
|
|
|a "First published in 1992 by Wiley Eastern Limited ... Daryaganj, New Delhi"--T.p. verso.
|
| 504 |
|
|
|a Includes bibliographical references (p. 287-293).
|
| 541 |
|
|
|e 882
|
| 650 |
|
0 |
|a Statisticians
|z India
|x Biography.
|9 11159
|
| 650 |
|
0 |
|a Statistics
|z India
|x History.
|9 11160
|
| 651 |
|
0 |
|a India
|x Statistical services
|x History.
|9 11161
|
| 700 |
1 |
|
|a Ghosh, J. K.
|9 11162
|
| 700 |
1 |
|
|a Mitra, Sujit Kumar.
|9 11163
|
| 700 |
1 |
|
|a Parthasarathy, K. R.
|9 11164
|
| 942 |
|
|
|2 ddc
|c BK
|
| 999 |
|
|
|c 34448
|d 34448
|
| 952 |
|
|
|0 0
|1 0
|2 ddc
|4 0
|6 354_540081909000000_GLI
|7 0
|9 53776
|a SCL
|b SCL
|c GEN
|d 2015-05-18
|e Gift: The Asia Foundation
|l 0
|o 354.540081909 GLI
|p 3020000882
|r 2015-05-18
|t 1
|w 2015-05-18
|y BK
|